2026 MLB Opening Day Starters - Statistics

General Stats
  • This quiz has been taken 110 times
    24 since last reset
  • The average score is 186 of 330
Answer Stats
Hint Answer % Correct
RF Aaron Judge
94%
Arizona Diamondbacks | Athletics | Atlanta Braves | +27 others Player
94%
RF Cam Smith
94%
2B Josh Smith
94%
2B Ketel Marte
94%
RF Noelvi Marte
94%
SP Shane Smith
94%
RF Starling Marte
94%
C Will Smith
94%
RF Corbin Carroll
88%
SS Elly De La Cruz
88%
SS Geraldo Perdomo
88%
SP Max Fried
88%
3B Max Muncy
88%
C Austin Wells
81%
CF Byron Buxton
81%
1B Christian Walker
81%
DH Christian Yelich
81%
LF Cody Bellinger
81%
C Francisco Alvarez
81%
1B Freddie Freeman
81%
SS Jacob Wilson
81%
DH Josh Bell
81%
DH Kyle Schwarber
81%
RF Kyle Tucker
81%
CF Luisangel Acuña
81%
CF Mike Trout
81%
1B Nick Kurtz
81%
SP Paul Skenes
81%
CF Pete Crow-Armstrong
81%
RF Ronald Acuña Jr.
81%
DH Shohei Ohtani
81%
SS Trea Turner
81%
DH Yordan Alvarez
81%
SP Yoshinobu Yamamoto
81%
RF Adolis García
75%
3B Alec Bohm
75%
C Alejandro Kirk
75%
3B Austin Riley
75%
1B Ben Rice
75%
SS Bobby Witt Jr.
75%
3B Bo Bichette
75%
2B Brice Turang
75%
1B Bryce Harper
75%
C Cal Raleigh
75%
DH Drake Baldwin
75%
RF Fernando Tatis Jr.
75%
SS Francisco Lindor
75%
SP Freddy Peralta
75%
C Gabriel Moreno
75%
SP Garrett Crochet
75%
RF Jordan Walker
75%
LF Juan Soto
75%
CF Julio Rodríguez
75%
CF Luis Robert Jr.
75%
3B Maikel Garcia
75%
1B Matt Olson
75%
SS Mookie Betts
75%
CF Oneil Cruz
75%
2B Ozzie Albies
75%
SP Tarik Skubal
75%
1B Willson Contreras
75%
C Agustín Ramírez
69%
3B Alex Bregman
69%
CF Andy Pages
69%
DH Brent Rooker
69%
SS Brooks Lee
69%
2B Bryson Stott
69%
SP Cristopher Sánchez
69%
SS Dansby Swanson
69%
DH Giancarlo Stanton
69%
SS Gunnar Henderson
69%
LF James Wood
69%
DH Jarren Duran
69%
3B José Ramírez
69%
C J.T. Realmuto
69%
RF Jung Hoo Lee
69%
RF Lawrence Butler
69%
3B Manny Machado
69%
1B Michael Busch
69%
1B Munetaka Murakami
69%
SS Otto Lopez
69%
C Pedro Pagés
69%
1B Pete Alonso
69%
3B Royce Lewis
69%
C Salvador Perez
69%
SP Sandy Alcantara
69%
C Shea Langeliers
69%
1B Vladirmir Guerrero Jr.
69%
C William Contreras
69%
2B Xavier Edwards
69%
SP Zac Gallen
69%
C Adley Rutschman
63%
LF Alek Thomas
63%
C Bo Naylor
63%
2B Brandon Lowe
63%
LF Brandon Marsh
63%
C Carson Kelly
63%
SP Chris Sale
63%
SS Colson Montgomery
63%
DH George Springer
63%
LF Heriberto Hernández
63%
C Hunter Goodman
63%
2B Jake Cronenworth
63%
2B Jeff McNeil
63%
2B Jose Altuve
63%
LF Jose Lowe
63%
1B Josh Naylor
63%
CF Lane Thomas
63%
2B Marcus Semien
63%
CF Michael Harris II
63%
2B Nico Hoerner
63%
3B Nolan Arenado
63%
LF Riley Greene
63%
C Ryan Jeffers
63%
LF Teoscar Hernández
63%
CF Trent Grisham
63%
SS Trevor Story
63%
RF Wilyer Abreu
63%
C Yainer Diaz
63%
DH Yandy Díaz
63%
CF Brenton Doyle
56%
DH Brett Baty
56%
LF Bryan Reynolds
56%
SS Carlos Correa
56%
C Carlos Narváez
56%
RF Carson Benge
56%
CF Ceddanne Rafaela
56%
SS CJ Abrams
56%
SS Corey Seager
56%
DH Eugenio Suárez
56%
2B Gleyber Torres
56%
C Henry Davis
56%
SS Javier Báez
56%
2B Jazz Chisholm Jr.
56%
SP Joe Ryan
56%
CF Justin Crawford
56%
2B Luis Arraez
56%
SP Luis Severino
56%
3B Matt Chapman
56%
2B Matt McLain
56%
3B Miguel Vargas
56%
DH Rafael Devers
56%
LF Randy Arozarena
56%
LF Roman Anthony
56%
3B Ryan McMahon
56%
1B Sal Stewart
56%
SS Willy Adames
56%
SS Zach Neto
56%
1B Carlos Santana
50%
CF Cedric Mullins
50%
CF Denzel Clarke
50%
LF Eli White
50%
2B Ernie Clement
50%
SS Ezequiel Tovar
50%
SP Hunter Brown
50%
LF Ian Happ
50%
CF Jackson Merrill
50%
2B JJ Wetherholt
50%
C Jonah Heim
50%
1B Jorge Polanco
50%
DH Jorge Soler
50%
SS José Caballero
50%
3B Josh Jung
50%
3B Junior Caminero
50%
C Keibert Ruiz
50%
SP Kyle Freeland
50%
C Logan O'Hoppe
50%
SP Logan Webb
50%
DH Marcell Ozuna
50%
2B Miguel Rojas
50%
SP Nick Pivetta
50%
C Patrick Bailey
50%
RF Ryan O'Hearn
50%
RF Sal Frelick
50%
1B Spencer Torkelson
50%
CF TJ Friedl
50%
SP Trevor Rogers
50%
C Tyler Stephenson
50%
1B Vinnie Pasquantino
50%
RF Addison Barger
44%
SP Andrew Abbott
44%
1B Andrew Vaughn
44%
3B Brendan Donovan
44%
SS Carson Williams
44%
SP Cole Ragans
44%
C Dillon Dingler
44%
C Freddy Fermin
44%
LF Heliot Ramos
44%
DH Iván Herrera
44%
SP Jacob Misiorowski
44%
RF Jo Adell
44%
RF Joey Wiemer
44%
RF Jordan Beck
44%
2B Luke Keaschall
44%
DH Samuel Basallo
44%
LF Steven Kwan
44%
CF Wyatt Langford
44%
SS Xander Bogaerts
44%
SS Andrés Giménez
38%
LF Austin Martin
38%
SP Cade Cavalli
38%
2B Cole Young
38%
CF Colton Cowser
38%
C Edgar Quero
38%
CF Harrison Bader
38%
3B Isaac Paredes
38%
CF Jacob Young
38%
1B Jake Burger
38%
LF Jake McCarthy
38%
CF Jakob Marsee
38%
1B Jonathan Aranda
38%
2B Jonathan India
38%
CF Jordan Lawlar
38%
SP José Soriano
38%
3B Ke'Bryan Hayes
38%
SP Kevin Gausman
38%
3B Kevin McGonigle
38%
SP Logan Gilbert
38%
SS Masyn Winn
38%
SP Matthew Boyd
38%
RF Matt Wallner
38%
SP Nathan Eovaldi
38%
1B Nolan Schanuel
38%
LF Spencer Steer
38%
SP Tanner Bibee
38%
LF Taylor Ward
38%
CF Victor Scott II
38%
1B Alec Burleson
31%
DH Andrew Benintendi
31%
LF Austin Hays
31%
2B Ben Williamson
31%
RF Brandon Nimmo
31%
2B Brayan Rocchio
31%
3B Caleb Durbin
31%
RF Chase DeLauter
31%
2B Chase Meidroth
31%
DH Dominic Canzone
31%
SP Drew Rasmussen
31%
DH Edouard Julien
31%
SS Gabriel Arias
31%
LF Jackson Chourio
31%
CF Jake Meyers
31%
SS Jared Triolo
31%
SS Joey Ortiz
31%
DH Kerry Carpenter
31%
RF Luke Raley
31%
SS Mauricion Dubón
31%
DH Miguel Andujar
31%
DH Moisés Ballesteros
31%
2B Nasim Nuñez
31%
LF Nathan Church
31%
LF Nathan Lukes
31%
C Nick Fortes
31%
3B Nick Gonzales
31%
2B Oswald Peraza
31%
1B Rhys Hoskins
31%
1B Spencer Horwitz
31%
RF Tyler O'Neill
31%
LF Tyler Soderstrom
31%
3B Yoán Moncada
31%
DH Andrew McCutchen
25%
2B Blaze Alexander
25%
3B Brady House
25%
DH Carter Jensen
25%
3B Coby Mayo
25%
1B Connor Norby
25%
C Danny Jansen
25%
CF Daulton Varsho
25%
DH Daylen Lile
25%
CF Garrett Mitchell
25%
1B Gavin Sheets
25%
2B Isiah Kiner-Falefa
25%
3B Javier Sanoja
25%
RF Jonny DeLuca
25%
3B Kazuma Okamoto
25%
DH Kyle Manzardo
25%
SS Leo Rivas
25%
SP Matthew Liberatore
25%
RF Matt Shaw
25%
3B Nolan Gorman
25%
CF Parker Meadows
25%
LF Ramón Laureano
25%
LF Ryan Vilade
25%
1B Victor Caratini
25%
1B Andrés Chaparro
19%
1B Casey Schmitt
19%
CF Daniel Schneemann
19%
3B David Hamilton
19%
LF Isaac Collins
19%
LF Joey Loperfido
19%
3B Kyle Karros
19%
DH Owen Caissie
19%
1B TJ Rumfield
19%
2B Willi Castro
19%
RF Austin Slater
13%
RF Everson Pereira
13%
RF Matt Vierling
13%
LF Sam Haggerty
13%
DH Tim Tawa
13%
No matching quizzes found
Score Distribution
Percent of People with Each Score
Percentile by Number Answered
Your Score History
You have not taken this quiz since the last reset